[Event "27th Summer Universiade 2013 Kazan,Russ"]
[Site "Kazan,Russia"]
[Date "2013.07.14"]
[Round "7.23"]
[White "Andrenko, Irina"]
[Black "Battsetseg, Urjinbadam"]
[Result "1-0"]
[WhiteElo "2253"]
[BlackElo "1703"]
[PlyCount "57"]
[EventDate "2013.07.09"]

1. e4 e5 2. Nf3 Nc6 3. d4 exd4 4. Nxd4 Bc5 5. Nb3 Bb6 6. Nc3 Qf6 7. Qe2 Nge7 8.
Be3 O-O 9. O-O-O d6 10. Kb1 Bxe3 11. Qxe3 Ne5 12. f4 Ng4 13. Qd2 Ng6 14. h3 Nh6
15. f5 Ne7 16. g4 g5 17. h4 Nxg4 18. hxg5 Qh8 19. g6 fxg6 20. Bc4+ Kg7 21. Rdg1
d5 22. Nxd5 Nxd5 23. Bxd5 c6 24. Rxg4 cxd5 25. Qd4+ Kf7 26. fxg6+ Ke7 27. g7
Bxg4 28. gxh8=Q Rxh8 29. Qg7+ 1-0

[Event "27th Summer Universiade 2013 Kazan,Russ"]
[Site "Kazan,Russia"]
[Date "2013.07.14"]
[Round "7.24"]
[White "Mominova, Leyla"]
[Black "Mona, Khaled"]
[Result "0-1"]
[WhiteElo "1919"]
[BlackElo "2100"]
[PlyCount "50"]
[EventDate "2013.07.09"]

1. e4 e5 2. Nf3 Nc6 3. Bb5 Nge7 4. c3 d6 5. h3 Bd7 6. d4 g6 7. O-O Bg7 8. Re1
O-O 9. Ba4 h6 10. Be3 f5 11. dxe5 fxe4 12. exd6 cxd6 13. Nd4 d5 14. Na3 Nxd4
15. Bxd4 Bxa4 16. Qxa4 Bxd4 17. Qxd4 Nc6 18. Qd2 Ne5 19. Qxh6 Qf6 20. Qe3 Nd3
21. Re2 Rae8 22. Qg3 Re5 23. Rd2 Rg5 24. Qe3 Nf4 25. Qc5 Rxg2+ 0-1

[Event "27th Summer Universiade 2013 Kazan,Russ"]
[Site "Kazan,Russia"]
[Date "2013.07.14"]
[Round "7.25"]
[White "Heinatz, Maria"]
[Black "Anusca, Madalina-Maria"]
[Result "0-1"]
[WhiteElo "1904"]
[BlackElo "2042"]
[PlyCount "108"]
[EventDate "2013.07.09"]

1. e4 c6 2. d4 d5 3. exd5 cxd5 4. c4 Nf6 5. Nc3 Nc6 6. Be3 g6 7. Nf3 Bg7 8. Be2
O-O 9. O-O Bg4 10. c5 Ne4 11. Rc1 e6 12. a3 f5 13. h3 Bxf3 14. gxf3 Nxc3 15.
bxc3 f4 16. Bd2 Rf5 17. Re1 Qh4 18. Bd3 Rg5+ 19. Kf1 e5 20. Qb3 exd4 21. Be4
Qxh3+ 22. Ke2 Qd7 23. Bxf4 Rh5 24. Bd6 Re8 25. Kd1 Kh8 26. Bxd5 Rxe1+ 27. Kxe1
Rh1+ 28. Kd2 dxc3+ 29. Rxc3 Bxc3+ 30. Qxc3+ Qg7 31. Qb3 Qd4+ 32. Ke2 Na5 33.
Qb5 Qd1+ 34. Ke3 Re1+ 35. Kf4 Qxd5 36. Qxa5 Qf5+ 37. Kg3 Qg5+ 38. Kh2 Qh4+ 39.
Kg2 Qh1+ 40. Kg3 Rg1+ 41. Kf4 Qh4+ 42. Ke3 Qf6 43. f4 Qe6+ 44. Be5+ Kg8 45.
Qd8+ Kf7 46. Qh8 Qb3+ 47. Bc3 Re1+ 48. Kd3 Qb5+ 49. Kd4 Qd7+ 50. Kc4 Re4+ 51.
Kb3 Qa4+ 52. Ka2 Re2+ 53. Bb2 Qc4+ 54. Ka1 Re1+ 0-1

[Event "27th Summer Universiade 2013 Kazan,Russ"]
[Site "Kazan,Russia"]
[Date "2013.07.14"]
[Round "7.26"]
[White "Shyngys Kyzy, Aijarkyn"]
[Black "Rothebarth, Ana Vitoria De Pau"]
[Result "0-1"]
[WhiteElo "1784"]
[BlackElo "2034"]
[PlyCount "72"]
[EventDate "2013.07.09"]

1. d4 Nf6 2. Nf3 e6 3. Bg5 Be7 4. c4 b6 5. Nc3 Bb7 6. e3 Ne4 7. Bf4 Bb4 8. Qc2
O-O 9. Bd3 f5 10. h4 d6 11. Ng5 Bxc3+ 12. bxc3 Nxg5 13. Bxg5 Qe8 14. O-O-O h6
15. Bf4 e5 16. Bh2 Bxg2 17. Rhg1 Bf3 18. Be2 Bxe2 19. Qxe2 Nd7 20. Rg2 Kh7 21.
Rdg1 Rg8 22. Qf3 Qf7 23. Rg6 Rae8 24. Qh5 Re7 25. Qf3 Nf8 26. h5 Qxc4 27. R6g2
Qxc3+ 28. Kb1 Qd3+ 29. Ka1 Qe4 30. Qh3 c5 31. f3 Qd3 32. d5 Rf7 33. e4 fxe4 34.
Qc8 exf3 35. Qe8 Qf5 36. Rg6 f2 0-1

[Event "27th Summer Universiade 2013 Kazan,Russ"]
[Site "Kazan,Russia"]
[Date "2013.07.14"]
[Round "7.27"]
[White "Velieva, Hurma"]
[Black "Senanayake, P R."]
[Result "1-0"]
[WhiteElo "1988"]
[BlackElo "1775"]
[PlyCount "120"]
[EventDate "2013.07.09"]

1. e4 c5 2. Nf3 Nc6 3. d4 cxd4 4. Nxd4 g6 5. Nc3 Bg7 6. Be3 Nf6 7. Bc4 Qa5 8.
O-O O-O 9. Bb3 d6 10. f3 Bd7 11. Qd2 Rfc8 12. Rad1 Ne5 13. Nd5 Qxd2 14. Rxd2
Nxd5 15. Bxd5 Rab8 16. c3 Nc4 17. Bxc4 Rxc4 18. Nb3 a6 19. Kf2 b5 20. a3 Ra8
21. Bb6 Rb8 22. Bd4 Be6 23. Bxg7 Kxg7 24. Nd4 a5 25. Nxe6+ fxe6 26. Rd4 Rxd4
27. cxd4 b4 28. a4 Rc8 29. Ke3 Rc2 30. Rf2 Rc1 31. Kd3 Ra1 32. b3 Rc1 33. Rc2
Rxc2 34. Kxc2 d5 35. Kd3 Kf6 36. Ke3 h6 37. Kf4 e5+ 38. Ke3 Ke6 39. f4 exd4+
40. Kxd4 dxe4 41. Kxe4 Kd6 42. Kd4 h5 43. g3 e6 44. h3 Kc6 45. g4 Kd6 46. g5
Kc6 47. Ke5 Kc5 48. h4 Kc6 49. Kxe6 Kc5 50. f5 Kd4 51. fxg6 Kc3 52. g7 Kxb3 53.
g8=Q Kxa4 54. Qg6 b3 55. Qb1 Kb4 56. g6 a4 57. g7 a3 58. g8=Q b2 59. Qb8+ Kc3
60. Qg3+ Kb4 1-0

[Event "27th Summer Universiade 2013 Kazan,Russ"]
[Site "Kazan,Russia"]
[Date "2013.07.14"]
[Round "7.30"]
[White "Francis, Onkemetse"]
[Black "Vivian, Heinrichs"]
[Result "0-1"]
[WhiteElo "1698"]
[BlackElo "1953"]
[PlyCount "90"]
[EventDate "2013.07.09"]

1. e4 c5 2. Nf3 g6 3. Nc3 Nc6 4. d3 Bg7 5. g3 d6 6. Bg2 Nf6 7. Bg5 h6 8. Bd2
Be6 9. O-O Qd7 10. Qc1 Bh3 11. a4 h5 12. Nh4 Nd4 13. Be3 Bxg2 14. Kxg2 Ng4 15.
Bxd4 Bxd4 16. Nf3 Bg7 17. Nd5 h4 18. Nxh4 O-O-O 19. Rh1 Ne5 20. f4 Nc6 21. Qe1
Nd4 22. Qf2 Rh5 23. c3 Nc6 24. Nf3 Qh3+ 25. Kg1 Qd7 26. a5 Kb8 27. Qc2 e6 28.
Ne3 d5 29. exd5 exd5 30. d4 cxd4 31. cxd4 Nxd4 32. Nxd4 Bxd4 33. Qd3 Bc5 34.
Kf1 Bxe3 35. Qxe3 d4 36. Qd3 Rb5 37. b3 Qd5 38. Rg1 Rxb3 39. Qe2 Rf3+ 40. Kg2
Re3+ 41. Kf2 Rxe2+ 42. Kxe2 Qe4+ 43. Kf2 Qe3+ 44. Kg2 Qe2+ 45. Kh3 Rh8# 0-1

[Event "27th Summer Universiade 2013 Kazan,Russ"]
[Site "Kazan,Russia"]
[Date "2013.07.14"]
[Round "7.31"]
[White "Botlhole, Kgalalelo"]
[Black "Rebatenne, Boitshepo"]
[Result "1/2-1/2"]
[WhiteElo "1767"]
[BlackElo "1558"]
[PlyCount "79"]
[EventDate "2013.07.09"]

1. d4 d5 2. c4 Nf6 3. cxd5 Qxd5 4. Nc3 Qd8 5. e4 Nc6 6. Nf3 Bg4 7. d5 Ne5 8.
Qa4+ Ned7 9. Nd4 e6 10. dxe6 Bxe6 11. Nxe6 fxe6 12. Qb3 Nc5 13. Qc4 Qd6 14. Bg5
Qc6 15. f3 h6 16. Be3 Nfd7 17. Qb5 Qxb5 18. Nxb5 Bd6 19. b4 Na4 20. a3 a6 21.
Nd4 Be5 22. Rc1 Bxd4 23. Bxd4 e5 24. Be3 O-O-O 25. Be2 Kb8 26. Kf2 Rhf8 27. Bc5
Naxc5 28. bxc5 Nf6 29. Ke3 Rfe8 30. c6 b5 31. Rb1 Ka7 32. a4 Rb8 33. axb5 axb5
34. Bxb5 Re6 35. Rhc1 Ne8 36. Ra1+ Kb6 37. Rab1 Ka7 38. Ra1+ Kb6 39. Rab1 Ka7
40. Ra1+ 1/2-1/2

[Event "27th Summer Universiade in Kazan (Women)"]
[Site "Kazan"]
[Date "2013.07.14"]
[Round "8.1"]
[White "Guramishvili, Sopiko"]
[Black "Zhao, Xue"]
[Result "0-1"]
[WhiteElo "2421"]
[BlackElo "2553"]
[PlyCount "50"]
[EventDate "2013.??.??"]

1. d4 Nf6 2. c4 e6 3. g3 d5 4. Nf3 dxc4 5. Bg2 Nc6 6. Qa4 Bd7 7. Qxc4 Na5 8.
Qc2 Rc8 9. O-O c5 10. Qd1 Bc6 11. dxc5 Qxd1 12. Rxd1 Bxc5 13. b3 Bxf3 14. Bxf3
Bd4 15. Rxd4 Rxc1+ 16. Kg2 O-O 17. Ra4 Nc6 18. Rc4 Re1 19. Bxc6 bxc6 20. a4 g5
21. h3 Rd8 22. Rxc6 Rdd1 23. b4 h5 24. Kf3 g4+ 25. hxg4 hxg4+ 0-1

[Event "27th Summer Universiade in Kazan (Women)"]
[Site "Kazan"]
[Date "2013.07.14"]
[Round "8.2"]
[White "Kashlinskaya, Alina"]
[Black "Ju, Wenjun"]
[Result "1/2-1/2"]
[WhiteElo "2334"]
[BlackElo "2531"]
[PlyCount "117"]
[EventDate "2013.??.??"]

1. d4 Nf6 2. c4 g6 3. g3 Bg7 4. Bg2 O-O 5. Nc3 d6 6. Nf3 c6 7. O-O Qa5 8. e4 e5
9. h3 Nbd7 10. Be3 exd4 11. Nxd4 Nb6 12. Nb3 Qb4 13. c5 Nc4 14. Bd4 Be6 15. Rb1
Ne8 16. a3 Ne3 17. Bxe3 Qxb3 18. cxd6 Rd8 19. Bxa7 Qc4 20. Qf3 Nxd6 21. Rfd1
Nb5 22. Nxb5 Qxb5 23. b4 Bc4 24. Rxd8 Rxd8 25. Rd1 Ra8 26. Rd2 Qa6 27. Bc5 h5
28. Rd7 b6 29. Bd4 Bxd4 30. Rxd4 c5 31. Rd6 Qxa3 32. Qxa3 Rxa3 33. Rxb6 cxb4
34. Rxb4 Rc3 35. Rb8+ Kg7 36. Rc8 Rc1+ 37. Kh2 Kf6 38. Rc5 Ke7 39. e5 Rc2 40.
h4 Bb3 41. Rxc2 Bxc2 42. Bd5 f6 43. f4 fxe5 44. fxe5 Bf5 45. Kg2 Be6 46. Be4
Bg4 47. Bd5 Be6 48. Bb7 Bg4 49. Kf2 Ke6 50. Bc8+ Kxe5 51. Bxg4 hxg4 52. Ke3 g5
53. h5 Kf6 54. Ke4 Ke6 55. Kd4 Kf6 56. Ke4 Ke6 57. h6 Kf6 58. h7 Kg7 59. Kf5
1/2-1/2

[Event "27th Summer Universiade in Kazan (Women)"]
[Site "Kazan"]
[Date "2013.07.14"]
[Round "8.3"]
[White "Bodnaruk, Anastasia"]
[Black "Tan, Zhongyi"]
[Result "0-1"]
[WhiteElo "2440"]
[BlackElo "2478"]
[PlyCount "80"]
[EventDate "2013.??.??"]

1. e4 c5 2. Nf3 Nc6 3. d4 cxd4 4. Nxd4 g6 5. Nc3 Bg7 6. Be3 Nf6 7. Bc4 O-O 8.
Bb3 Qa5 9. O-O d6 10. f3 Bd7 11. Qd2 Rfe8 12. Nxc6 bxc6 13. Rad1 Rab8 14. Qe2
Be6 15. Rd4 c5 16. Ra4 Qc7 17. Bxe6 fxe6 18. b3 Nd7 19. Nb5 Qc6 20. Na3 Qb7 21.
Qc4 Nb6 22. Qxe6+ Kh8 23. Ra5 Bc3 24. b4 Bxb4 25. Bc1 Bc3 26. Nb5 Nc4 27. Qxc4
Bxa5 28. a4 a6 29. Qe6 c4 30. Be3 Bb6 31. Nd4 Qc8 32. Qf7 Qd7 33. f4 Rf8 34.
Qd5 e6 35. Qxc4 e5 36. fxe5 dxe5 37. Rxf8+ Rxf8 38. Qb4 Qf7 39. Nf5 Bxe3+ 40.
Nxe3 Qf2+ 0-1

[Event "27th Summer Universiade in Kazan (Women)"]
[Site "Kazan"]
[Date "2013.07.14"]
[Round "8.6"]
[White "Kulon, Klaudia"]
[Black "Batchimeg, Tuvshintugs"]
[Result "0-1"]
[WhiteElo "2258"]
[BlackElo "2351"]
[PlyCount "138"]
[EventDate "2013.??.??"]

1. c4 e6 2. g3 d5 3. Bg2 Nf6 4. Nf3 dxc4 5. Qa4+ Nbd7 6. Qxc4 a6 7. Qc2 Bd6 8.
O-O O-O 9. d4 Qe7 10. Nbd2 Rb8 11. Nc4 b5 12. Na5 Bb7 13. Nxb7 Rxb7 14. Ne5 Rb6
15. Nc6 Qe8 16. e4 e5 17. d5 b4 18. Be3 Rb5 19. Rfe1 Ng4 20. Ba7 Rb7 21. h3
Ngf6 22. Bf1 Qa8 23. Be3 a5 24. f3 Nb8 25. b3 Nxc6 26. Qxc6 Rd8 27. Rac1 Nd7
28. Qa6 Nb6 29. Rc6 a4 30. Bxb6 Qxa6 31. Bxa6 Rxb6 32. Rxb6 Bc5+ 33. Kf1 cxb6
34. bxa4 Kf8 35. Rc1 Ra8 36. Bb5 Ke7 37. Bc6 Ra7 38. Ke2 Kd6 39. f4 exf4 40.
gxf4 f6 41. Kd3 Re7 42. Re1 g6 43. Kc4 Bf2 44. Re2 Bg3 45. Kb5 Bxf4 46. Kxb6 f5
47. a5 Rxe4 48. Rb2 Be3+ 49. Kb7 f4 50. a6 f3 51. Kb8 f2 52. Bb5 Re8+ 53. Kb7
Re7+ 54. Kb8 Bc5 55. Rb3 Rf7 56. Bf1 Kxd5 57. Rd3+ Ke4 58. Kc8 g5 59. Rg3 Be3
60. Kd8 h5 61. Ke8 Ra7 62. Be2 Kd4 63. Bf1 Rg7 64. Be2 Ke4 65. Kf8 Rc7 66. Ke8
Rc2 67. Bb5 Kf4 68. Rg2 Rxa2 69. Kd7 b3 0-1

[Event "27th Summer Universiade in Kazan (Women)"]
[Site "Kazan"]
[Date "2013.07.14"]
[Round "8.7"]
[White "Mammadyarova, Turkan"]
[Black "Girya, Olga"]
[Result "1/2-1/2"]
[WhiteElo "2267"]
[BlackElo "2437"]
[PlyCount "199"]
[EventDate "2013.??.??"]

1. e4 c6 2. d4 d5 3. exd5 cxd5 4. Bd3 Nc6 5. c3 Qc7 6. Ne2 Bg4 7. O-O e6 8. h3
Bh5 9. f4 Bg6 10. Bxg6 hxg6 11. Nd2 Bd6 12. Nf3 Nge7 13. Ne5 f6 14. Nf3 Nf5 15.
Qd3 O-O-O 16. Bd2 Kb8 17. Rac1 Qb6 18. Kh1 Ka8 19. b4 e5 20. fxe5 fxe5 21. dxe5
Nxe5 22. Nxe5 Bxe5 23. a4 Qc6 24. Bg5 Rde8 25. Rf3 Bb8 26. Nd4 Nxd4 27. Qxd4
Qxa4 28. Qxd5 Qc2 29. Rcf1 Qe2 30. Bf4 Rd8 31. Qg5 Rd1 32. Rxd1 Qxd1+ 33. Kh2
Bxf4+ 34. Qxf4 Qd8 35. Qe5 Qd7 36. Re3 a6 37. c4 Rc8 38. c5 Qd2 39. b5 a5 40.
c6 bxc6 41. Qe6 Qd8 42. b6 Qf8 43. Rf3 Qe8 44. Qd6 Kb7 45. Qc5 Qd7 46. Qxa5 Ra8
47. Qe5 Re8 48. Qc5 Re6 49. Qa5 Qd6+ 50. Rg3 Qb8 51. Qc3 Qe5 52. Qb4 c5 53. Qb5
Rxb6 54. Qd7+ Qc7 55. Qd5+ Kb8 56. h4 Rb4 57. Qg8+ Ka7 58. Qa2+ Kb8 59. Qg8+
Kb7 60. Qd5+ Kb6 61. Qe6+ Kb5 62. Kh3 Qd8 63. Qe2+ Ka5 64. Ra3+ Ra4 65. Rxa4+
Kxa4 66. Qc4+ Ka3 67. Qxc5+ Ka2 68. Qc4+ Kb2 69. Qb5+ Kc3 70. Qc6+ Kd4 71. Qxg6
Qf8 72. Qg4+ Ke5 73. Qe2+ Kd4 74. Qf3 Qe7 75. h5 Qe5 76. Qd1+ Kc5 77. Qc2+ Kd6
78. Qd3+ Ke7 79. Qf3 Qe6+ 80. g4 Qe1 81. g5 Qe6+ 82. Kg3 Qe1+ 83. Kf4 Qa5 84.
Qe4+ Kf7 85. Qb7+ Kf8 86. Qc8+ Ke7 87. Qb7+ Ke6 88. Qe4+ Kf7 89. Qg6+ Kf8 90.
Qf5+ Qxf5+ 91. Kxf5 Kf7 92. Ke5 Ke7 93. Kd5 Kf7 94. Kd6 Kf8 95. Ke6 Ke8 96. Kf5
Kf7 97. Ke5 Ke7 98. Kd5 Kf7 99. Kd6 Kf8 100. Ke5 1/2-1/2

[Event "27th Summer Universiade 2013 Kazan,Russ"]
[Site "Kazan,Russia"]
[Date "2013.07.14"]
[Round "8.9"]
[White "Umudova, Nargiz"]
[Black "Stojanovic, Andjelija"]
[Result "1/2-1/2"]
[WhiteElo "2253"]
[BlackElo "2302"]
[PlyCount "74"]
[EventDate "2013.07.09"]

1. e4 e5 2. Nf3 d6 3. d4 exd4 4. Nxd4 Nf6 5. Nc3 Be7 6. Be2 O-O 7. O-O Re8 8.
f4 Bf8 9. Bf3 c5 10. Nb3 Nc6 11. Re1 c4 12. Nd2 d5 13. Nxd5 Nxd5 14. exd5 Rxe1+
15. Qxe1 Nd4 16. Be4 f5 17. c3 fxe4 18. cxd4 Bf5 19. Qe2 b5 20. Nxe4 Qxd5 21.
Ng3 Qxd4+ 22. Be3 Qd3 23. Qf3 Re8 24. Nxf5 Qxf5 25. Bxa7 Re4 26. Rd1 Rxf4 27.
Qd5+ Qxd5 28. Rxd5 b4 29. Bc5 Bxc5+ 30. Rxc5 Rd4 31. Kf2 Rd2+ 32. Kf3 Rc2 33.
Rc7 Kf8 34. a4 Rxb2 35. Rxc4 b3 36. a5 Ra2 37. Rb4 Rxa5 1/2-1/2

[Event "27th Summer Universiade 2013 Kazan,Russ"]
[Site "Kazan,Russia"]
[Date "2013.07.14"]
[Round "8.10"]
[White "Kalinina, Olga"]
[Black "Mader, Manuela"]
[Result "0-1"]
[WhiteElo "2292"]
[BlackElo "2212"]
[PlyCount "132"]
[EventDate "2013.07.09"]

1. e4 c6 2. Nf3 d5 3. Nc3 Bg4 4. h3 Bxf3 5. Qxf3 e6 6. d3 Nd7 7. Bd2 Ngf6 8.
O-O-O Bb4 9. g4 Qa5 10. g5 dxe4 11. dxe4 Bxc3 12. Bxc3 Qxg5+ 13. Bd2 Qh5 14.
Qxh5 Nxh5 15. Rg1 Rg8 16. e5 g6 17. Be2 Ng7 18. Bf4 O-O-O 19. Bg5 Rdf8 20. f4
Nf5 21. c4 h6 22. Bf6 Nxf6 23. exf6 Rd8 24. Bd3 Rge8 25. b3 Rd4 26. Bxf5 Rxd1+
27. Kxd1 exf5 28. h4 h5 29. Rg3 Re6 30. Rd3 Rxf6 31. Ke2 c5 32. Rd5 b6 33. Kf3
Kc7 34. Rd2 Rd6 35. Re2 Rd3+ 36. Kg2 Kd7 37. Rf2 f6 38. Re2 a5 39. Rb2 Kc6 40.
Rc2 Kd6 41. Rb2 Rd4 42. Kf3 Ke6 43. Re2+ Kf7 44. Rb2 Rd3+ 45. Kg2 g5 46. hxg5
fxg5 47. fxg5 Kg6 48. Re2 Rd6 49. Kf3 Kxg5 50. Rg2+ Kf6 51. Rh2 Rd3+ 52. Ke2
Rg3 53. Rxh5 Rg2+ 54. Ke3 Rxa2 55. Rh6+ Ke5 56. Rxb6 f4+ 57. Kf3 a4 58. b4 Rb2
59. b5 Rb3+ 60. Kf2 Kd4 61. Ra6 a3 62. b6 Kxc4 63. Ra4+ Kc3 64. b7 Kb2 65. Rxf4
a2 66. Ra4 a1=Q 0-1

[Event "27th Summer Universiade 2013 Kazan,Russ"]
[Site "Kazan,Russia"]
[Date "2013.07.14"]
[Round "8.11"]
[White "Kazimova, Narmin"]
[Black "Kulovana, Eva"]
[Result "1-0"]
[WhiteElo "2208"]
[BlackElo "2272"]
[PlyCount "83"]
[EventDate "2013.07.09"]

1. Nf3 d5 2. d4 Nf6 3. c4 c6 4. e3 Bf5 5. Nc3 a6 6. cxd5 cxd5 7. Qb3 b5 8. Nh4
Bc8 9. a4 b4 10. Qxb4 Nc6 11. Qb3 Rb8 12. Qd1 Na5 13. Bd3 e6 14. Nf3 Bd6 15.
O-O O-O 16. e4 dxe4 17. Nxe4 Nxe4 18. Bxe4 Bb7 19. Bxb7 Rxb7 20. Qd3 Nb3 21.
Rb1 Nxc1 22. Rfxc1 a5 23. Rc6 Be7 24. Rc2 Bf6 25. Rc4 Qb6 26. b3 h6 27. h3 Rfb8
28. Ne5 Bxe5 29. dxe5 g6 30. Qd2 Kg7 31. Qf4 Qd8 32. b4 g5 33. Qe4 axb4 34.
Rcxb4 Rxb4 35. Rxb4 Qd1+ 36. Kh2 Rc8 37. Rb1 Qd2 38. Qf3 Rc7 39. Qf6+ Kh7 40.
g3 Rc8 41. Qxf7+ Kh8 42. Rb7 1-0

[Event "27th Summer Universiade 2013 Kazan,Russ"]
[Site "Kazan,Russia"]
[Date "2013.07.14"]
[Round "8.12"]
[White "Hallaeva, Bahar"]
[Black "Munguntuul, Batkhuyag"]
[Result "0-1"]
[WhiteElo "2150"]
[BlackElo "2452"]
[PlyCount "76"]
[EventDate "2013.07.09"]

1. e4 c5 2. c3 Nf6 3. e5 Nd5 4. d4 cxd4 5. Nf3 e6 6. cxd4 d6 7. Nc3 Nc6 8. Bd3
dxe5 9. dxe5 Ndb4 10. Be4 Qxd1+ 11. Nxd1 Na6 12. O-O Nc5 13. Nc3 Be7 14. Be3
Nxe4 15. Nxe4 b6 16. Rfd1 O-O 17. a3 Bb7 18. Rd7 Rab8 19. Rc1 Rfd8 20. Rc7 Rdc8
21. Rd7 Kf8 22. Bg5 Bxg5 23. Nexg5 Nxe5 24. Rdc7 Rxc7 25. Rxc7 Rd8 26. h4 Rd7
27. Nxh7+ Ke7 28. Rxd7+ Nxd7 29. Nhg5 f6 30. Nh3 Bxf3 31. gxf3 Ne5 32. Kg2 Nc4
33. b3 Nxa3 34. Nf4 Nc2 35. Nd3 a5 36. f4 Nd4 37. Nc1 Kd6 38. f3 Kc5 0-1

[Event "27th Summer Universiade 2013 Kazan,Russ"]
[Site "Kazan,Russia"]
[Date "2013.07.14"]
[Round "8.13"]
[White "Khalafova, Narmin"]
[Black "Davletbayeva, Madina"]
[Result "0-1"]
[WhiteElo "2107"]
[BlackElo "2260"]
[PlyCount "66"]
[EventDate "2013.07.09"]

1. e4 e5 2. Nf3 d6 3. d4 exd4 4. Nxd4 Nf6 5. Nc3 Be7 6. Bc4 O-O 7. O-O c6 8. a4
d5 9. exd5 cxd5 10. Bb3 Nc6 11. Be3 a6 12. h3 h6 13. Qf3 Be6 14. Rad1 Rc8 15.
Nf5 Ne5 16. Qg3 Bxf5 17. Qxe5 Be6 18. Nxd5 Nxd5 19. Bxd5 Bd6 20. Qe4 Re8 21.
Bxe6 Rxe6 22. Qd5 Qe8 23. Qb3 Qc6 24. Rd2 Rce8 25. Rfd1 Rg6 26. Qd5 Qxa4 27.
Qxb7 Be5 28. b3 Qh4 29. Kh1 Bb8 30. c4 Kh7 31. Rd4 Qf6 32. Re4 Rd8 33. Rxd8
Qa1+ 0-1

[Event "27th Summer Universiade 2013 Kazan,Russ"]
[Site "Kazan,Russia"]
[Date "2013.07.14"]
[Round "8.14"]
[White "Ton, Nu Hong An"]
[Black "Chirivi C, Jenny Astrid"]
[Result "1/2-1/2"]
[WhiteElo "1995"]
[BlackElo "2205"]
[PlyCount "129"]
[EventDate "2013.07.09"]

1. d4 d5 2. c4 c6 3. Nc3 Nf6 4. Bg5 e6 5. cxd5 exd5 6. Qc2 Be7 7. e3 Nbd7 8.
Bd3 O-O 9. Nge2 Re8 10. h3 Nf8 11. g4 b6 12. O-O-O Bb7 13. Rdg1 Ne4 14. Bxe7
Qxe7 15. Bxe4 dxe4 16. Ng3 c5 17. d5 Rad8 18. Rd1 Rd7 19. Qa4 a6 20. Qxe4 Qd8
21. Qf3 b5 22. e4 Ng6 23. Rhe1 c4 24. Kc2 Ne5 25. Qe3 Nd3 26. Rxd3 cxd3+ 27.
Qxd3 b4 28. Nce2 Qa5 29. Qb3 Qb5 30. Kb1 a5 31. Rc1 a4 32. Nd4 axb3 33. Nxb5
Ba6 34. a4 bxa3 35. Nxa3 Bd3+ 36. Ka1 g6 37. f3 Bc2 38. Ne2 f5 39. gxf5 gxf5
40. Nxc2 bxc2 41. Rxc2 fxe4 42. fxe4 Rxe4 43. Rc8+ Kg7 44. Nc3 Re3 45. b4 Rxh3
46. Kb2 Rb7 47. b5 Rd3 48. Rc5 Rd4 49. Kb3 h6 50. Na4 Kg6 51. b6 h5 52. Rc6+
Kf5 53. Nc5 Rb8 54. d6 h4 55. d7 h3 56. Kc3 Rd1 57. Rh6 Kg4 58. Nd3 Rf1 59.
Ne5+ Kg5 60. Rxh3 Rb1 61. Nf7+ Kg6 62. Rh8 R8xb6 63. Rb8 Rxb8 64. d8=Q Rxd8 65.
Nxd8 1/2-1/2

[Event "27th Summer Universiade 2013 Kazan,Russ"]
[Site "Kazan,Russia"]
[Date "2013.07.14"]
[Round "8.15"]
[White "Andrenko, Irina"]
[Black "Djukic, Sandra"]
[Result "1-0"]
[WhiteElo "2253"]
[BlackElo "2197"]
[PlyCount "99"]
[EventDate "2013.07.09"]

1. e4 d6 2. d4 Nf6 3. Nc3 e5 4. Nf3 Nbd7 5. Bc4 Be7 6. O-O O-O 7. a4 c6 8. Qe2
b6 9. d5 cxd5 10. Nxd5 Nxd5 11. Bxd5 Rb8 12. Rd1 Kh8 13. Nd2 Nf6 14. Bb3 Bb7
15. f3 Rc8 16. Nf1 Qc7 17. Ne3 g6 18. c3 Nh5 19. Nd5 Bxd5 20. Bxd5 Bf6 21. Be3
Bg7 22. Qb5 Qe7 23. a5 Rc5 24. Bxc5 bxc5 25. g3 Qg5 26. Qf1 f5 27. Qg2 Nf6 28.
Kh1 Rb8 29. Rab1 Qe3 30. Re1 Qh6 31. Rbd1 Qh5 32. Be6 Bf8 33. g4 fxg4 34. fxg4
Qg5 35. h3 Be7 36. Rb1 Qh4 37. b4 cxb4 38. Re2 b3 39. Rxb3 Re8 40. Rb7 Bf8 41.
Bf7 Rc8 42. c4 Qg5 43. Rb1 Rc5 44. Rb5 Rc7 45. Be6 Qc1+ 46. Qg1 Qf4 47. Qf2
Qxf2 48. Rxf2 Kg7 49. Rb8 Be7 50. g5 1-0

[Event "27th Summer Universiade 2013 Kazan,Russ"]
[Site "Kazan,Russia"]
[Date "2013.07.14"]
[Round "8.16"]
[White "Sgircea, Silvia-Raluca"]
[Black "Velieva, Hurma"]
[Result "1-0"]
[WhiteElo "2261"]
[BlackElo "1988"]
[PlyCount "127"]
[EventDate "2013.07.09"]

1. Nf3 Nf6 2. c4 e6 3. g3 d5 4. Bg2 dxc4 5. Qa4+ c6 6. Qxc4 b5 7. Qc2 Bb7 8.
O-O c5 9. a4 a6 10. Nc3 b4 11. Nd1 Be7 12. Ne3 O-O 13. Nc4 Nbd7 14. d3 h6 15.
a5 Nd5 16. Nfd2 Ra7 17. Nb3 Nc7 18. e4 Nb5 19. Be3 Qc7 20. f4 f5 21. Rac1 Raa8
22. Ncd2 Rac8 23. Qc4 Rf6 24. e5 Rg6 25. Bxb7 Qxb7 26. d4 h5 27. Nf3 Qe4 28.
Kf2 h4 29. Nfd2 Qc6 30. dxc5 hxg3+ 31. hxg3 Rh6 32. Nf3 Nc7 33. Ke2 Kf7 34. Bf2
Nd5 35. Qd3 Nb8 36. Nfd4 Qd7 37. Rfd1 Rd8 38. Qf3 Qc8 39. Nxf5 Nxf4+ 40. gxf4
exf5 41. Rxd8 Bxd8 42. Qd5+ Kf8 43. Nd4 Bxa5 44. e6 Qd8 45. Qxf5+ Qf6 46. Qxf6+
Rxf6 47. Rh1 Rh6 48. Rxh6 gxh6 49. f5 Bd8 50. c6 a5 51. f6 Nxc6 52. Nxc6 Bxf6
53. b3 h5 54. Bc5+ Ke8 55. Nxa5 Be7 56. Bf2 h4 57. Nc6 Bg5 58. Kf3 h3 59. Bg3
Bh4 60. Bh2 Be7 61. Kg4 Bc5 62. Kxh3 Kf8 63. Kg4 Kg7 64. Kf5 1-0

[Event "27th Summer Universiade 2013 Kazan,Russ"]
[Site "Kazan,Russia"]
[Date "2013.07.14"]
[Round "8.17"]
[White "Siradze, Salome"]
[Black "Vo, Thi Kim Phung"]
[Result "0-1"]
[WhiteElo "2069"]
[BlackElo "2199"]
[PlyCount "110"]
[EventDate "2013.07.09"]

1. d4 d5 2. Nf3 Nf6 3. c4 c6 4. Nc3 a6 5. cxd5 cxd5 6. Qa4+ Nc6 7. Bf4 Bf5 8.
Ne5 Qb6 9. Nxc6 bxc6 10. e3 e6 11. Be2 Be7 12. O-O O-O 13. Qb3 Qxb3 14. axb3 a5
15. Rfc1 Rfc8 16. Na4 Nd7 17. Nc5 Bxc5 18. dxc5 e5 19. Bg3 Rcb8 20. Ra3 f6 21.
f3 a4 22. Rxa4 Rxa4 23. bxa4 Rxb2 24. Bd1 Bd3 25. a5 Nxc5 26. Rxc5 Rb1 27. Be1
Rxd1 28. Kf2 Bb5 29. Rc2 Ra1 30. Bc3 Ra3 31. Bb4 Ra4 32. Rb2 Kf7 33. Ke1 Ke6
34. Kd2 d4 35. exd4 exd4 36. Kc2 Kd5 37. Bf8 g6 38. Be7 Rxa5 39. Bxf6 Ra7 40.
Rb4 Ba4+ 41. Kd2 c5 42. Rb8 Bd7 43. Kc2 Ra2+ 44. Rb2 Ba4+ 45. Kc1 Rxb2 46. Kxb2
c4 47. Kc1 c3 48. g4 Kc4 49. Bg5 d3 50. Be3 d2+ 51. Bxd2 cxd2+ 52. Kxd2 Kd4 53.
h4 Bb5 54. h5 gxh5 55. gxh5 h6 0-1

[Event "27th Summer Universiade 2013 Kazan,Russ"]
[Site "Kazan,Russia"]
[Date "2013.07.14"]
[Round "8.18"]
[White "Anusca, Madalina-Maria"]
[Black "Dewi, Aa Citra"]
[Result "1/2-1/2"]
[WhiteElo "2042"]
[BlackElo "2138"]
[PlyCount "68"]
[EventDate "2013.07.09"]

1. c4 c5 2. Nf3 Nf6 3. g3 b6 4. Bg2 Bb7 5. Nc3 e6 6. d4 cxd4 7. Qxd4 Nc6 8. Qd1
Ne5 9. b3 Bb4 10. Bd2 Nxf3+ 11. exf3 d5 12. cxd5 Nxd5 13. Nxd5 Bxd2+ 14. Qxd2
Bxd5 15. O-O O-O 16. Rfd1 Qf6 17. f4 Bxg2 18. Kxg2 Rfd8 19. Qe2 h6 20. Rac1
Rxd1 21. Rxd1 Rd8 22. Rxd8+ Qxd8 23. Qc2 Qd5+ 24. Kg1 Qd7 25. Kg2 h5 26. h4 g6
27. Kg1 Qd4 28. Qe2 a5 29. a4 Kf8 30. Qc2 Ke7 31. Qc7+ Kf6 32. Qc2 Ke7 33. Qc7+
Kf6 34. Qc2 Ke7 1/2-1/2

[Event "27th Summer Universiade 2013 Kazan,Russ"]
[Site "Kazan,Russia"]
[Date "2013.07.14"]
[Round "8.19"]
[White "Rothebarth, Ana Vitoria De Pau"]
[Black "De Seroux, Camille"]
[Result "1/2-1/2"]
[WhiteElo "2034"]
[BlackElo "2118"]
[PlyCount "95"]
[EventDate "2013.07.09"]

1. e4 c5 2. Nc3 Nc6 3. f4 g6 4. Nf3 Bg7 5. Bb5 Nd4 6. O-O a6 7. Bd3 d6 8. Nxd4
cxd4 9. Ne2 Nf6 10. Kh1 Nd7 11. b4 O-O 12. Bb2 Qb6 13. c3 Nc5 14. bxc5 Qxb2 15.
cxd6 exd6 16. cxd4 Bxd4 17. Nxd4 Qxd4 18. Qf3 Bd7 19. f5 gxf5 20. exf5 Bc6 21.
Qf4 Qf6 22. Be4 d5 23. Bf3 Kh8 24. Rg1 Rg8 25. g4 Rae8 26. d4 Re4 27. Bxe4 Qxd4
28. Rad1 Qxe4+ 29. Qxe4 dxe4 30. h3 e3+ 31. Kh2 e2 32. Rd2 Bb5 33. Kg3 Rc8 34.
Kf2 Rc3 35. h4 Rh3 36. h5 Kg7 37. Rd6 Ra3 38. g5 Kf8 39. f6 Ke8 40. g6 hxg6 41.
hxg6 fxg6 42. Rxg6 Bc4 43. Rg7 Rf3+ 44. Kxf3 e1=Q 45. Re7+ Qxe7 46. fxe7 Bxa2
47. Rd2 Bc4 48. Ke3 1/2-1/2